Central Library OPAC University of Rajshahi

Political change in rural Turkey : (Record no. 57848)

MARC details
000 -LEADER
fixed length control field 00652nam a2200217 a 4500
001 - CONTROL NUMBER
control field 57848
003 - CONTROL NUMBER IDENTIFIER
rucl marc code BD-RjUL
005 - DATE AND TIME OF LATEST TRANSACTION
control field 20211209080546.0
008 - FIXED-LENGTH DATA ELEMENTS--GENERAL INFORMATION
fixed length control field 161212s1966 pa 000 0 eng
035 ## - SYSTEM CONTROL NUMBER
System control number (BD-RjUL)57972
040 ## - CATALOGING SOURCE
Original cataloging agency DLC
Transcribing agency OAU
Modifying agency BD-RjUL
Language of cataloging eng
041 ## - LANGUAGE CODE
Language code of text/sound track or separate title eng
082 ## - DEWEY DECIMAL CLASSIFICATION NUMBER
Classification number 320.9561
Edition number 23
Author mark and year SZP 1966
100 1# - MAIN ENTRY--PERSONAL NAME
Personal name Szyliowicz, Joseph S.
9 (RLIN) 171827
245 10 - TITLE STATEMENT
Title Political change in rural Turkey :
Remainder of title Erdemli /
Statement of responsibility, etc. Joseph S. Szyliowicz.
260 ## - PUBLICATION, DISTRIBUTION, ETC. (IMPRINT)
Place of publication, distribution, etc. Paris :
Name of publisher, distributor, etc. Mouton,
Date of publication, distribution, etc. 1966.
300 ## - PHYSICAL DESCRIPTION
Pagination 218 p. :
Illustrations ill. ;
Size 25 cm.
504 ## - BIBLIOGRAPHY, ETC. NOTE
Bibliography, etc Bibliography: p. [204]-213.
651 #0 - SUBJECT ADDED ENTRY--GEOGRAPHIC NAME
Geographic name Turkey
General subdivision Politics and government
Chronological subdivision 1918-1960.
9 (RLIN) 171828
942 ## - ADDED ENTRY ELEMENTS (KOHA)
Source of classification or shelving scheme Dewey Decimal Classification
Koha item type Books
Holdings
Lost status Source of classification or shelving scheme Damaged status Not for loan Collection code Permanent Location Current Location Shelving location Date acquired Source of acquisition Total Checkouts Full call number Date last seen Copy number Koha item type
  Dewey Decimal Classification   Not For Loan Non-fiction Central Library, University of Rajshahi Central Library, University of Rajshahi Reading Room 25/02/1971 Zeitlinger   320.9561 SZP 1966 12/12/2016 C-1 Books